Datum a čas kvízu
31.5
Celkem bodů
Celkový počet nahraných bodů na tomto kvízu bez doplňovacích otázek.
8.
Pořadí na kvízu
Konečné umístění týmu na tomto kvízu.
Zaznamenané odpovědi
| # | Otázka | Odpověď | Body | Výsledky |
|---|---|---|---|---|
| 1. | Na politickou scénu se vracejí... | Taťána Malá; spravedlnost | 0.5 | |
| 2. | Nejen u nás, ale i v jedné sou... | v Polsku | 0 | |
| 3. | Minulou středu měla premiéru t... | Naked Attraction | 1 | |
| 4. | Minulý týden jsme se dozvěděli... | Venezuela | 1 | |
| 5. | V minulém týdnu jsme se v hoke... | Pavel Gross, HC Sparta Praha | 1 | |
| 6. | Rozdělení Římské říše mezi Hon... | na konci 4. století | 1 | |
| 7. | Ve 14. století Evropu sevřela... | D | 0 | |
| 8. | Adolf Hitler se nepoučil z výs... | 6. armáda, (Friedrich) Paulus | 0 | |
| 9. | Jak se jednoslovně nazývá tent... | Watergate | 0 | |
| 10. | Jak moc velkou chybou byl či n... | A | 0 |